000
00405nam a2200133Ia 4500
008
100328s9999 xx 000 0 und d
082
_b
30356
100
_a
गांधी मो. क.
245
_a
स्त्री-जीवन (6)
260
_b
गांाी वाङेमय
630
_a
स्त्री-जीवन (6)
730
_a
स्त्री-जीवन (6)
942
_c
BOOK
999
_c
521330
_d
521327